Footballeurs en M (par images). - Statistiques

Statistiques générales
  • Ce quiz a été pris 940 fois
  • Le résultat moyen est 14 sur 24
Statistiques - réponses
Par images Réponse % Correct
Kylian Mbappé
100%
Lionel Messi
100%
Diego Maradona
99%
Marcelo
95%
Blaise Matuidi
91%
Sadio Mané
90%
Paolo Maldini
89%
Riyad Mahrez
88%
Harry Maguire
84%
Claude Makélélé
78%
Thiago Motta
73%
Javier Mascherano
72%
Gerd Müller
64%
Maxwell
59%
Bobby Moore
40%
Florent Malouda
38%
Lothar Matthäus
38%
Roger Milla
26%
Fernando Morientes
21%
Giuseppe Meazza
18%
Stanley Matthews
6%
Sepp Maier
4%
Sandro Mazzola
3%
Predrag Mijatović
2%
Aucun quiz correspondant
Distribution des résultats
% des personnes avec chaque résultat
Percentile par nombre de réponses
Votre historique - résultats
Vous n’avez pas pris ce quiz